Welcome to CU Library Online Public Access Catalogue (OPAC)

The Merck index : (Record no. 8513)

MARC details
000 -LEADER
fixed length control field 00943cam a2200265 a 4500
001 - CONTROL NUMBER
control field 14808569
005 - DATE AND TIME OF LATEST TRANSACTION
control field 20251209131120.0
008 - FIXED-LENGTH DATA ELEMENTS--GENERAL INFORMATION
fixed length control field 070414s2006 njua d 001 0 eng
020 ## - INTERNATIONAL STANDARD BOOK NUMBER
International Standard Book Number 9780911910001
020 ## - INTERNATIONAL STANDARD BOOK NUMBER
International Standard Book Number 091191000X
050 00 - LIBRARY OF CONGRESS CALL NUMBER
Classification number RS51
Item number .M4 2006
082 00 - DEWEY DECIMAL CLASSIFICATION NUMBER
Classification number 615/.103
Edition information 22
245 04 - TITLE STATEMENT
Title The Merck index :
Remainder of title an encyclopedia of chemicals, drugs, and biologicals /
Statement of responsibility, etc. Maryadele J. O'Neil, editor ... [et al.].
250 ## - EDITION STATEMENT
Edition statement 14th ed.
260 ## - PUBLICATION, DISTRIBUTION, ETC.
Place of publication, distribution, etc. Whitehouse Station, N.J. :
Name of publisher, distributor, etc. Merck,
Date of publication, distribution, etc. 2006.
300 ## - PHYSICAL DESCRIPTION
Extent 1 v. (various pagings) :
Other physical details ill. ;
Dimensions 26 cm. +
Accompanying material 1 CD-ROM (4 3/4 in.)
500 ## - GENERAL NOTE
General note Ill. on lining papers.
500 ## - GENERAL NOTE
General note Includes indexes.
650 #0 - SUBJECT ADDED ENTRY--TOPICAL TERM
Topical term or geographic name entry element Drugs
Form subdivision Dictionaries.
650 #0 - SUBJECT ADDED ENTRY--TOPICAL TERM
Topical term or geographic name entry element Chemicals
Form subdivision Dictionaries.
650 #0 - SUBJECT ADDED ENTRY--TOPICAL TERM
Topical term or geographic name entry element Biomolecules
Form subdivision Dictionaries.
700 1# - ADDED ENTRY--PERSONAL NAME
Personal name O'Neil, Maryadele J.
856 42 - ELECTRONIC LOCATION AND ACCESS
Materials specified Publisher description
Uniform Resource Identifier <a href="http://www.loc.gov/catdir/enhancements/fy0739/2007277644-d.html">http://www.loc.gov/catdir/enhancements/fy0739/2007277644-d.html</a>
942 ## - ADDED ENTRY ELEMENTS (KOHA)
Source of classification or shelving scheme Library of Congress Classification
Koha item type Books
Edition 14th ed.
Suppress in OPAC No
999 ## -
-- 8513
-- 8513
Holdings
Withdrawn status Lost status Source of classification or shelving scheme Damaged status Not for loan Collection Home library Current library Shelving location Date acquired Total checkouts Full call number Barcode Date last seen Copy number Price effective from Koha item type
    Library of Congress Classification     Non-fiction Science Library (Miotso) Science Library (Miotso) Reference 12/09/2025   RS51 .M4 MER SLM00006533 12/09/2025 1 12/09/2025 Books
    Library of Congress Classification     Non-fiction Science Library (Miotso) Science Library (Miotso) Reference 12/09/2025   RS51 .M4 MER SLM00006534 12/09/2025 2 12/09/2025 Books
© 2023-2024 Copyright: Central University Libraries. All Rights Reserved | Created by: Mahone Tech Office